000
00325nam a2200133Ia 4500
008
220523s9999 xx 000 0 und d
041
_a
eng
100
_a
GUPTA
_9
128715
245
_a
Viva in PSM
250
_a
3
260
_a
NAGPUR
_b
JAYPEE PUBLICATION
650
_a
COMMUNITY HEALTH NURSING
_9
45573
700
_a
MAHAJAN
_9
176486
999
_c
1607
_d
1607